000 02705cam a22004814i 4500
003 PE-LiUPU
005 20250731173422.0
008 150706s1990 miua rb 000 0 spa d
020 _a9781558830905
035 _a(Sirsi) i9781558830905
040 _aPE-LiUPU
_bspa
_cPE-LiUPU
_erda
049 _aPRUA
082 0 4 _a270
_bR71
_221
100 1 _aRoberts, Frank C.,
_eautor.
245 1 0 _aA todas las generaciones :
_bun estudio de la historia de la iglesia /
_cFrank C. Roberts.
264 1 _aGrand Rapids, Michigan :
_bCrcpublications,
_c1990.
300 _a285 páginas :
_bilustraciones ;
_c23 centímetros
336 _atext
_2rdacontent
337 _aunmediated
_2rdamedia
338 _avolume
_2rdacarrier
504 _aIncluye bibliografía.
505 0 _aLa historia y la historia de la salvación -- Desde la historia de la salvación hasta la iglesia del primer siglo -- La iglesia establece sus posiciones -- De la iglesia del Nuevo Testamento a la iglesia católica -- De la persecución a la victoria -- Agustín y el fin del imperio Romano -- Monjes y papas -- La iglesia y el estado -- El Islam, la iglesia oriental y las cruzadas -- Nuevos movimientos de reforma -- El florecimiento de la teología -- La iglesia avanza hacia la reforma -- Lutero avanza hacia la reforma protestante -- Expansión de la reforma protestante -- Zuinglio y los radicales -- Calvino y el calvinismo -- La reforma inglesa -- Reforma católica y contrarreforma -- El período después de la reforma (1560-1775) -- El catolicismo llega al Nuevo Mundo -- El protestantismo llega al Nuevo Mundo -- Una nueva era trae nuevas amenazas al cristianismo -- La iglesia enfrenta el desafío de las misiones -- La iglesia católica Romana (1600-1965) -- La iglesia y los desafíos sociales (1800-1979) -- La iglesia en un mundo secularizado.
526 _aSEG42
526 _aSEG41
526 _aSEG40
526 _aSEG39
526 _aP94
526 _aP87
526 _aP86
526 _aP85
526 _aP77
526 _aP76
526 _aP35
541 _g001-0000593;
650 1 4 _aCristianismo
_xHistoria.
650 1 4 _aHistoria de la iglesia.
_9469
910 _agl
_bjv
_clch
_d20120919
942 _2ddc
_cBOOK
949 _a270 R71
_wDEWEY
_c1
_i65433
_lCCODEBUL1
_mBUL
_p25.00
_r0
_sY
_tBOOK
_u2015-7-6
_xTEOLOGIA
_PP35
_o.STAFF. Colección General
994 _aC0
_bPEPRU
596 _a1
999 _a270 R71
_wDEWEY
_c53938
_i65433
_d53938
_e2017-6-25
_f2021-11-11
_g6
_lCCODEBUL1
_mBUL
_n5
_p25.00
_q2
_r0
_sY
_tBOOK
_u2015-7-6
_xTEOLOGIA
_PP35
_0COMPRA
_o.STAFF. Colección Teología
980 _81
_gALBERTO SANCHEZ Responsable de Automatización